Patrimoine culturel et creation contemporaine en afrique et dans le monde arabe : Sous la direction de M.Aziza; avec la collab. de M.Boughali et al.

Saved in:
Bibliographic Details
Other Authors: Aziza, Mohamed
Format: Book
Language:French
Published: Dakar : Nouvelles Editions Africaines, 1977.
Subjects:
LEADER 00910nam a22002291 4500
001 c000201796
003 CARM
005 20021125001900.0
008 851113s1977 sg 0 fre d
019 1 |a 4122114  |5 LACONCORD2021 
035 |a (OCoLC)218571813  |5 LACONCORD2021 
245 0 0 |a Patrimoine culturel et creation contemporaine en afrique et dans le monde arabe :  |b Sous la direction de M.Aziza; avec la collab. de M.Boughali et al. 
260 |a Dakar :  |b Nouvelles Editions Africaines,  |c 1977. 
650 0 |a Civilization, Arab. 
650 0 |a Art, African. 
650 0 |a Art, Islamic. 
650 0 |a Civilization, African. 
700 1 |a Aziza, Mohamed. 
852 8 |b CARM  |h A2:AG31H0  |i C08306  |p 0304967  |f BK 
082 0 4 |a 916.3 
999 f f |i 46c27a7b-0b35-5e67-b8aa-9b51b5f81b31  |s 03edbdf1-f944-566c-b950-62b2735e4937 
952 f f |p Can circulate  |a CAVAL  |b CAVAL  |c CAVAL  |d CARM 1 Store  |e C08306  |f A2:AG31H0  |h Other scheme  |i book  |m 0304967